U.S. States By State Route Sign - Statistics

General Stats
  • This quiz has been taken 976 times
  • The average score is 25 of 36
Answer Stats
Picture Answer % Correct
Florida
96%
Idaho
95%
Louisiana
94%
Oklahoma
94%
South Carolina
94%
Tennessee
94%
Minnesota
92%
Ohio
92%
Nevada
90%
Colorado
89%
Washington
88%
Alabama
87%
Alaska
85%
Arizona
85%
Missouri
84%
Arkansas
82%
New Mexico
80%
Wyoming
80%
Georgia
79%
Michigan
77%
Utah
73%
South Dakota
72%
New Hampshire
56%
North Dakota
55%
Pennsylvania
55%
Kansas
53%
Nebraska
51%
California
47%
New York
37%
Vermont
36%
Oregon
33%
Maryland
32%
North Carolina
32%
Hawaii
31%
Virginia
31%
Wisconsin
30%
No matching quizzes found
Score Distribution
Percent of People with Each Score
Percentile by Number Answered
Your Score History
You have not taken this quiz